000 01426nam a2200229Ia 4500
003 Ost
005 20260507075302.0
008 260507s9999||||xx |||||||||||||| ||und||
020 _a60954499579
040 _cfsecg
041 _aara
082 _a330
100 _aعبد الرحيم، زاهر محمد
_eمؤلف
245 0 _aإدارة الخصخصة :
_bبين النظرية و التطبيق /
_c زاهر محمد عبد الرحيم
260 _aعمان:
_bدار الراية,
_c2011
300 _a205 صفحة؛
_bإيضاحات ؛
_c25 سم
520 _aادارة الخصخصة و دور الادارة الاستراتيجية في الخصخصة ، خصخصة و اعادة الهيكل التنظيمي للمنظمة ، ادارة و تطوير الموارد البشرية العامة و كيفية خصخصتها ، الخصخصة و ادارة التغيير ، الخصخصة و دورها في الاصلاح الاقتصادي ، الجودى الاقتصادية و مشروع الشراكة بين القطاعين العاو و الخاص ، المؤسسات العامة و التحول الى الخصخصة ، مظاهر الفساد في الخصخصة و كيفية الحد منها ، التخاصية في الدول العربية .
653 _aالادارة
653 _aالقطاع الخاص
653 _aالقطاع الخاص ــ ادارة
942 _cكتاب
999 _c43795
_d43795